| 000 | 01107cam a22002653a 4500 | ||
|---|---|---|---|
| 001 | 14047 | ||
| 003 | PGUSA | ||
| 005 | 20140828083312.0 | ||
| 008 | 041115s2004||||xxu|||||s|||||000 d eng d | ||
| 040 |
_aPGUSA _beng |
||
| 042 | _adc | ||
| 050 | 4 | _aPN | |
| 245 | 1 | 2 |
_aA Letter to A.H. Esq.; Concerning the Stage (1698) and The Occasional Paper No. IX (1698) _h[electronic resource] |
| 260 |
_bProject Gutenberg, _c2004 |
||
| 505 | 0 | _aA Letter to A.H. [Anthony Hammond, pamphleteer, small poet, and politician] Esq, Concerning the Stage, by Anonymous [probably Charles Hopkins] -- -- The Occasional Paper: Number IX, Containing Some Considerations About the Danger of Going to Plays, attributed to Richard Willis. | |
| 506 | _aPublic domain in the USA. | ||
| 516 | _aElectronic text | ||
| 653 | _aTheater -- Moral and ethical aspects -- Early works to 1800 | ||
| 700 | 1 |
_aSwedenberg, H. T. _q(Hugh Thomas), _d1906-1978 |
|
| 700 | 1 |
_aWillis, Richard, _d1664-1734 |
|
| 700 | 1 | _aHopkins, Charles | |
| 830 | 0 |
_aProject Gutenberg _v14047 |
|
| 856 | 4 | 0 | _uhttp://www.gutenberg.org/ebooks/14047 |
| 942 | _cEB | ||
| 999 |
_c243302 _d243302 |
||